[Event "Ho Chi Minh City HD Bank op 4th"]
[Site "Ho Chi Minh City"]
[Date "2014.03.15"]
[Round "9"]
[White "Pham, Hoang Nhat Anh"]
[Black "Luu, Duc Hai"]
[Result "0-1"]
[WhiteElo "1513"]
[BlackElo "1913"]
[PlyCount "92"]
[EventDate "2014.03.10"]
[EventType "swiss"]
[EventRounds "9"]
[EventCountry "VIE"]
[SourceTitle "CBM 159 Extra"]
[Source "ChessBase"]
[SourceDate "2014.04.24"]
[SourceVersion "1"]
[SourceVersionDate "2014.04.24"]
[SourceQuality "1"]

1. d4 d5 2. Nf3 e6 3. Bf4 c5 4. c3 Qb6 5. Qc2 Nc6 6. e3 cxd4 7. exd4 Bd7 8. Bd3 Rc8 9. Qb3 Qxb3 10. axb3 Nf6 11. Nbd2 Be7 12. 0-0 0-0 13. h3 h6 14. Ne5 a6 15. Ndf3 Nxe5 16. Nxe5 Bc6 17. Rfe1 Nh5 18. Bh2 g5 19. Ng4 Kg7 20. Be5+ f6 21. Bh2 Bd7 22. Ne3 Kf7 23. Ng4 Kg7 24. Ne3 Kf7 25. Ng4 Rh8 26. c4 Nf4 27. Bf1 Bd6 28. Ne3 Bb4 29. Red1 Bc6 30. c5 h5 31. Nc2 a5 32. Nxb4 axb4 33. Ra7 e5 34. f3 Rhe8 35. Ra5 exd4 36. Bxf4 gxf4 37. Rxd4 Rcd8 38. Kf2 Re3 39. Bc4 Rde8 40. Bxd5+ Bxd5 41. Rxd5 Re2+ 42. Kg1 Rxb2 43. Rd7+ Kg6 44. Rd3 Re1+ 45. Kh2 Rbb1 46. g4 Re2# 0-1

[Event "Ho Chi Minh City HD Bank op 4th"]
[Site "Ho Chi Minh City"]
[Date "2014.03.13"]
[Round "6"]
[White "Pham, Hoang Nhat Anh"]
[Black "Doan, Thi Van Anh"]
[Result "0-1"]
[WhiteElo "1513"]
[BlackElo "1994"]
[PlyCount "92"]
[EventDate "2014.03.10"]
[EventType "swiss"]
[EventRounds "9"]
[EventCountry "VIE"]
[SourceTitle "CBM 159 Extra"]
[Source "ChessBase"]
[SourceDate "2014.04.24"]
[SourceVersion "1"]
[SourceVersionDate "2014.04.24"]
[SourceQuality "1"]

1. d4 d5 2. Nf3 Nf6 3. Bf4 c5 4. e3 Qb6 5. Qc1 Nc6 6. c3 Bf5 7. Nbd2 Rc8 8. dxc5 Qxc5 9. Nb3 Qb6 10. Qd2 e6 11. Bd3 Ne4 12. Qe2 Be7 13. 0-0 h6 14. Nbd4 Bg4 15. h3 Bh5 16. Rac1 Ng5 17. g4 Nxh3+ 18. Kh2 Bxg4 19. Bg3 Ng5 20. Bb5 0-0 21. Bxc6 bxc6 22. Bf4 e5 23. Bxg5 Bxg5 24. Rg1 Bh5 25. Nf5 e4 26. N5d4 Qc7+ 27. Kh3 exf3 28. Qf1 c5 29. Nc2 Bg6 30. Rg3 Bf5+ 31. Kh2 Bh4 32. Ne1 Bxg3+ 33. fxg3 Be4 34. Nxf3 Bxf3 35. Qxf3 Qe5 36. Rd1 Rfe8 37. Rxd5 Qxe3 38. Qg2 Qe2 39. Rd2 Qxg2+ 40. Kxg2 Rcd8 41. Rf2 Re3 42. Kh2 Rde8 43. g4 Re2 44. Kg2 R8e4 45. Kf3 Rxf2+ 46. Kxf2 Rxg4 0-1

[Event "Ho Chi Minh City HD Bank op 4th"]
[Site "Ho Chi Minh City"]
[Date "2014.03.11"]
[Round "3"]
[White "Pham, Hoang Nhat Anh"]
[Black "Le, Minh Hoang"]
[Result "0-1"]
[WhiteElo "1513"]
[BlackElo "1931"]
[PlyCount "106"]
[EventDate "2014.03.10"]
[EventType "swiss"]
[EventRounds "9"]
[EventCountry "VIE"]
[SourceTitle "CBM 159 Extra"]
[Source "ChessBase"]
[SourceDate "2014.04.24"]
[SourceVersion "1"]
[SourceVersionDate "2014.04.24"]
[SourceQuality "1"]

1. d4 d5 2. Nf3 Nf6 3. Bf4 c5 4. e3 Nc6 5. h3 Bf5 6. Ne5 e6 7. Bb5 Qb6 8. c4 a6 9. Bxc6+ bxc6 10. b3 cxd4 11. exd4 Bb4+ 12. Kf1 dxc4 13. Nxc4 Qd8 14. Ne5 Rc8 15. a3 Bc5 16. Ra2 Qxd4 17. Qxd4 Bxd4 18. Nd2 Nd5 19. Bg3 Nc3 20. Ra1 f6 21. Nec4 0-0 22. Re1 Bd3+ 23. Kg1 e5 24. Nd6 Rb8 25. b4 Rfd8 26. N6c4 Ne2+ 27. Kh2 Bc3 28. f3 Nxg3 29. Kxg3 Bxc4 30. Nxc4 Bxe1+ 31. Rxe1 Rd5 32. Rc1 c5 33. Rc3 cxb4 34. Rb3 h6 35. axb4 Rd4 36. Na5 Rbxb4 37. Rc3 Rb2 38. Nc4 Ra2 39. Ne3 Rd7 40. Rc8+ Kh7 41. Ra8 a5 42. Nc4 a4 43. Ra5 Rc7 44. Nb6 Rcc2 45. Ra7 Rxg2+ 46. Kh4 Rad2 47. Rxa4 Rd4+ 48. Rxd4 exd4 49. Nc4 d3 50. Ne3 d2 51. Nd1 Rg1 52. Nf2 Rf1 53. Nd1 Rxd1 0-1